| 000 | 00702nam a22002057a 4500 | ||
|---|---|---|---|
| 005 | 20240530110417.0 | ||
| 008 | 150308s2012 ua g 000 0 ara d | ||
| 040 | _aEG-CaGPL | ||
| 082 | 0 | 4 |
_221 _a910.1\ _bم ج |
| 100 | 0 | _aمحمد الفتحى بكير محمد | |
| 245 | 1 | 2 |
_aالجغرافيا التطبيقية / _cمحمد الفتحى بكير محمد |
| 260 |
_aالاسكندرية : _bدار المعرفة الجامعية ، _c2012 |
||
| 300 |
_a292 ص ؛ _c24 سم |
||
| 650 | 0 | 4 | _aالجغرافيا التطبيقية |
| 650 | 0 | 4 | _aالفيضانات |
| 650 | 0 | 4 | _aالزلازل |
| 650 | 0 | 4 | _aالبراكين |
| 650 | 0 | 4 | _aالجغرافيا الطبيعية |
| 942 |
_2ddc _cBK |
||
| 999 |
_c60577 _d60577 |
||